Les 100 plus grands livres de la littérature occidentale - Statistiques

Statistiques générales
  • Ce quiz a été pris 166 fois
  • Le résultat moyen est 16 sur 100
Statistiques - réponses
# Nom de l’œuvre % Correct
67 Les Misérables
81%
4 L'Étranger
59%
96 Le Petit Prince
57%
58 Germinal
52%
45 Le Rouge et le Noir
52%
85 Roméo et Juliette
49%
16 Madame Bovary
48%
99 Notre-Dame de Paris
47%
66 Les Fleurs du Mal
46%
6 Don Quichotte
39%
98 Les trois mousquetaires
39%
37 À la recherche du temps perdu
34%
63 L'Avare
34%
48 Guerre et Paix
33%
1 Orgueil et Préjugés
33%
3 Les Hauts de Hurlevent
32%
61 Le cid
29%
35 1984
27%
25 Bible
27%
10 Crime et Châtiment
26%
2 Le Père Goriot
26%
39 Gargantua
25%
5 Voyage au bout de la nuit
25%
74 Le portrait de Dorian Gray
24%
13 Les Frères Karamazov
23%
49 Anna Karénine
22%
28 Le Procès
21%
69 Frankenstein
20%
11 L'Idiot
20%
68 Les contemplation
19%
31 Moby Dick
19%
7 La Divine Comédie
18%
24 Odyssée
18%
43 Macbeth
17%
70 Dracula
16%
57 Gatsby le magnifique
16%
29 Le Château
16%
22 Le Vieil Homme et la Mer
16%
26 Coran
15%
60 Dom Juan
15%
20 Faust
15%
36 Les Métamorphoses
15%
23 Iliade
14%
34 Lolita
14%
55 Mémoires d'Hadrien
14%
27 Ulysse
14%
33 Essais
13%
95 La peau de Chagrin
13%
17 L'Éducation sentimentale
13%
93 Robinson Crusoe
12%
76 Contes
11%
97 Croc-Blanc
11%
84 Le Crime de l'Orient-Express
11%
75 Le Meilleur des mondes
11%
92 Mémoires d'outre-tombe
11%
42 Othello
11%
86 Si c'est un Homme
11%
56 La promesse de l'aube
10%
18 Cent ans de solitude
9%
87 L'insoutenable légèreté de l'être
9%
88 20000 lieues sous les mers
8%
9 Jacques le Fataliste
7%
30 La Montagne magique
7%
90 La Montagne Magique
7%
72 La République
7%
15 Le Bruit et la Fureur
7%
65 Le contrat social
7%
44 Œdipe roi
7%
41 Le Roi Lear
6%
12 Les Démons
6%
77 Le Décaméron
5%
80 Les quatre filles du docteur March
5%
21 Les Âmes mortes
4%
46 Les Voyages de Gulliver
4%
53 Mrs Dalloway
4%
52 Énéide
3%
100 L'Île au trésor
3%
78 De Grandes Espérances
2%
73 Ethique
2%
64 La Critique de La raison pure
2%
82 La Guerre des Mondes
2%
47 Le Guépard
2%
32 Les Mille et Une Nuits
2%
19 Épopée de Gilgamesh
1%
40 Hamelet
1%
59 La cerisaie
1%
81 l'ile du docteur moreau
1%
14 Médée
1%
94 Nouvelles
1%
62 Phèdres
1%
91 Absalon, Absalon
0%
89 De sang Froid
0%
71 Dr Jekyll et Mr Hyde
0%
83 La mort à Venise
0%
50 La Mort d'Ivan Ilitch
0%
54 La Promenade au phare
0%
38 Le Masque de la mort rouge
0%
51 Les Aventures de Huckleberry Finn
0%
8 Nostromo
0%
79 Voyages de Gulliver
0%
Aucun quiz correspondant
Distribution des résultats
% des personnes avec chaque résultat
Percentile par nombre de réponses
Votre historique - résultats
Vous n’avez pas pris ce quiz